00000000nam 2200000zi 4500
0019.947912
003CaOODSP
00520251031142449
006m     o  d f      
007cr cn|||||||||
008250207t20252025oncabdo ob   f000 0 eng d
020 |a9780660756912
040 |aCaOODSP|beng|erda|cCaOODSP
043 |an-cn-qu
0861 |aM183-2/9238E-PDF
1001 |aGalley, A. G. |q(Alan George),|d1954- |eauthor.
24510|aMineralization and alteration at the Doyon deposit, Doyon-Bousquet-LaRonde mining camp, Quebec : |bexample of an Archean sub-seafloor Au(-Cu) vein system / |cA.G. Galley and P. Mercier-Langevin.
264 1|aOttawa, Ontario : |bGeological Survey of Canada, |c2025.
264 4|c©2025
300 |a1 online resource (141 pages) : |billustrations, maps, graphs, photographs.
336 |atext|btxt|2rdacontent
337 |acomputer|bc|2rdamedia
338 |aonline resource|bcr|2rdacarrier
4901 |aOpen file, |x2816-7155 ; |v9238
504 |aIncludes bibliographical references (pages 122-135).
5203 |a"The Doyon Au(-Cu) vein deposit is a part of a district-wide Au-rich, intrusion-associated and VMS mineralizing event that comprises the Doyon-Bousquet-LaRonde camp"--Abstract, page 1.
650 0|aMines and mineral resources|zQuébec (Province)
650 0|aGold mines and mining|zQuébec (Province)
650 6|aRessources minérales|zQuébec (Province)
650 6|aOr|xMines et extraction|zQuébec (Province)
7102 |aGeological Survey of Canada, |eissuing body.
830#0|aOpen file (Geological Survey of Canada)|x2816-7155 ; |v9238.|w(CaOODSP)9.506878
85640|qPDF|s37.5 MB|uhttps://publications.gc.ca/collections/collection_2025/rncan-nrcan/m183-2/M183-2-9238-eng.pdf
85640|qHTML|sN/A|uhttps://doi.org/10.4095/pc9ed7rddb